000 00503nam a22001697a 4500
005 20251108170815.0
008 250721s1998 xx 000 0 ara d
082 1 4 _a340/زعب
100 1 _aالزعبي، خالد
245 1 0 _aالمدخل إلى علم القانون /
264 1 _aعمان :
_bمكتبة دار الثقافة للنشر و التوزيع،
_c1998.
300 _a367ص.
650 1 7 _aالقانون
700 1 _aالفضل، منذر
942 _2ddc
_cBK
999 _c49445
_d49445